00949cam a22002291 450000100060000000300080000600500170001400800410003103500190007204000320009104100080012308200200013124501110015126000510026230000360031350002330034950400290058265000250061165000350063665100250067170000230069630478BD-RjUL20211209051554.0140410s1953 nyua b 101 0 eng d a(BD-RjUL)30564 aDLCcDLCdDLCdBD-RjULbeng aeng00a181.1bSTU 1953 0aStudies in Chinese thought /cedited by Arthur F. Wright ; with contributions by Derk Bodde [and others.] aChicago :bUniversity of Chicago Press,c1953. axiv, 317 p. :billus. ;c25 cm. aBased on papers presented at a conference held by a subcommittee on Chinese thought attached to the Committee on Far Eastern Studies jointly sponsored by the American Council of Learned Societies and the Far Eastern Association. aIncludes bibliographies. 0aPhilosophy, Chinese. 0aChinese languagexTranslating. 0aChinaxCivilization.1 aWright, Arthur F.,